| 000 | 00451nam a2200133 a 4500 | ||
|---|---|---|---|
| 008 | 120416s1978 ||||||||||||||||| || u | ||
| 050 | _aGB 10 Mon | ||
| 100 | _aMonkhouse, Frank John | ||
| 245 | 1 | 2 | _aA Dictionary of the natural environment |
| 260 |
_aLondon _bArnold _c1978 |
||
| 300 | _a320p. : ill. | ||
| 350 | _a0.00 | ||
| 995 |
_D0.00 _FCBU-MAIN LIBRARY (Kitwe) _H1 _I0.00 _M1 _UREFERENCE _ZReference Collection |
||
| 999 |
_c40110 _d40110 |
||